<?xml version="1.0" encoding="UTF-8"?>
<record
    xmlns:xsi="http://www.w3.org/2001/XMLSchema-instance"
    xsi:schemaLocation="http://www.loc.gov/MARC21/slim http://www.loc.gov/standards/marcxml/schema/MARC21slim.xsd"
    xmlns="http://www.loc.gov/MARC21/slim">

  <leader>01013nam a2200277 a 4500</leader>
  <datafield tag="999" ind1=" " ind2=" ">
    <subfield code="c">357834</subfield>
    <subfield code="d">357834</subfield>
  </datafield>
  <controlfield tag="001">000000377035</controlfield>
  <controlfield tag="003">IT-MiSPE</controlfield>
  <controlfield tag="005">20180508203901.0</controlfield>
  <controlfield tag="008">091118s2009    it of         000 0 ita d</controlfield>
  <datafield tag="020" ind1=" " ind2=" ">
    <subfield code="a">9788831535823</subfield>
  </datafield>
  <datafield tag="040" ind1=" " ind2=" ">
    <subfield code="a">IT-MiSPE</subfield>
    <subfield code="b">ita</subfield>
    <subfield code="d">mv</subfield>
    <subfield code="c">IT-MiSPE</subfield>
  </datafield>
  <datafield tag="082" ind1=" " ind2=" ">
    <subfield code="a">246-MOR gi be (23126)</subfield>
  </datafield>
  <datafield tag="100" ind1="1" ind2=" ">
    <subfield code="a">Morandi, Giacomo,</subfield>
    <subfield code="c">sac.</subfield>
    <subfield code="9">57026</subfield>
  </datafield>
  <datafield tag="245" ind1="1" ind2="0">
    <subfield code="a">Bellezza, luogo teologico di evangelizzazione /</subfield>
    <subfield code="c">Giacomo Morandi ; prefazione di Tom&#xE1;&#x161; &#x160;pidl&#xED;k.</subfield>
  </datafield>
  <datafield tag="260" ind1=" " ind2=" ">
    <subfield code="a">Milano :</subfield>
    <subfield code="b">Paoline,</subfield>
    <subfield code="c">&#xA9;2009.</subfield>
  </datafield>
  <datafield tag="300" ind1=" " ind2=" ">
    <subfield code="a">272 p., [16] p. di tav. :</subfield>
    <subfield code="b">fotogr. color. ;</subfield>
    <subfield code="c">22 cm</subfield>
  </datafield>
  <datafield tag="490" ind1="1" ind2=" ">
    <subfield code="a">Saggistica Paoline ;</subfield>
    <subfield code="v">041</subfield>
  </datafield>
  <datafield tag="504" ind1=" " ind2=" ">
    <subfield code="a">Bibliografia: p. 263-272</subfield>
  </datafield>
  <datafield tag="655" ind1=" " ind2="7">
    <subfield code="a">Arte. Iconografia</subfield>
    <subfield code="x">Iconografia cristiana generale.</subfield>
    <subfield code="2">local</subfield>
    <subfield code="9">57027</subfield>
  </datafield>
  <datafield tag="655" ind1=" " ind2="7">
    <subfield code="a">Arte. Iconografia</subfield>
    <subfield code="x">Saggi, varia.</subfield>
    <subfield code="2">local</subfield>
    <subfield code="9">57028</subfield>
  </datafield>
  <datafield tag="700" ind1="1" ind2=" ">
    <subfield code="a">&#x160;pidl&#xED;k, Tom&#xE1;&#x161;,</subfield>
    <subfield code="c">card.,</subfield>
    <subfield code="d">1919-2010,</subfield>
    <subfield code="e">pr.</subfield>
    <subfield code="9">57029</subfield>
  </datafield>
  <datafield tag="830" ind1=" " ind2="0">
    <subfield code="a">Saggistica Paoline ;</subfield>
    <subfield code="v">041.</subfield>
    <subfield code="9">57030</subfield>
  </datafield>
  <datafield tag="942" ind1=" " ind2=" ">
    <subfield code="2">ddc</subfield>
    <subfield code="c">BK</subfield>
  </datafield>
  <datafield tag="952" ind1=" " ind2=" ">
    <subfield code="0">0</subfield>
    <subfield code="1">0</subfield>
    <subfield code="2">ddc</subfield>
    <subfield code="4">0</subfield>
    <subfield code="6">246MOR_GI_BE_23126</subfield>
    <subfield code="7">1</subfield>
    <subfield code="a">CINISELLO</subfield>
    <subfield code="b">CINISELLO</subfield>
    <subfield code="d">2018-05-06</subfield>
    <subfield code="l">0</subfield>
    <subfield code="o">246-MOR gi be (23126)</subfield>
    <subfield code="p">9788831535823</subfield>
    <subfield code="r">2018-05-06 00:00:00</subfield>
    <subfield code="w">2018-05-06</subfield>
    <subfield code="y">BK</subfield>
  </datafield>
</record>
